000 01041cab a2200301 4500
001 WB3207-32
008 090401t1996 xxu||||| |||| 00| 0 eng d
035 _a(Sirsi) u28007
041 _aeng
245 _aOrder for rectification
260 _c1996
350 _a0
490 _aEstates Gazette Case Summaries
_v[1996] EGCS 18(1) (10/2/96)
520 _a"Berkeley Leisure Group Ltd v Williamson and others" CA 30 January 1996. Held that judge had jurisdiction to make an order for rectification of the register after mistake is made in sale and transfer of land.
650 _aBERKELEY LEISURE GROUP LTD V WILLIAMSON AND OTHERS
650 _aBoundary disputes
_96221
650 _aCARAVAN PARKS
650 _aEQUITY OF RECTIFICATION
650 _aFORECOURTS
650 _aJUDICIAL JURISDICTION
650 _aLAW OF PROPERTY ACT 1925 S63
650 _aRIGHT OF WAY
650 _aVENDOR AND PURCHASER
690 _aLAND SURVEYING
690 _aPROPERTY LAW AND PRACTICE-CASE LAW
942 _n0
948 _c04/03/1997
999 _c18887
_d18887